[Event "17. Open de Sants Hostafrancs 2015"]
[Site "Barcelona ESP"]
[Date "2015.08.30"]
[Round "10.20"]
[White "Ducarmon, Quinten"]
[Black "Adel Lahchaichi, Oussama"]
[Result "1-0"]
[WhiteElo "2475"]
[BlackElo "2258"]
[PlyCount "113"]
[EventDate "2015.08.21"]
[EventType "swiss"]
[EventRounds "10"]
[EventCountry "ESP"]
[SourceTitle "Ajedrez en Madrid"]
[Source "lmi"]
[SourceDate "2015.08.21"]

1. e4 c5 2. Nf3 Nc6 3. Bb5 Nf6 4. Nc3 Qc7 5. O-O Nd4 6. Re1 a6 7. Bf1 e5 8. Nd5
Nxd5 9. exd5 d6 10. c3 Nxf3+ 11. Qxf3 Be7 12. d4 O-O 13. Qg3 Bf6 14. dxe5 dxe5
15. c4 g6 16. Bh6 Re8 17. Bd3 Bd7 18. h4 Bg7 19. Bxg7 Kxg7 20. h5 Qd6 21. Re2
Re7 22. a3 b5 23. b3 f5 24. Rae1 f4 25. Qg5 Qf6 26. Qxf6+ Kxf6 27. Be4 Ree8 28.
hxg6 hxg6 29. d6 Rab8 30. Rd2 bxc4 31. bxc4 Rb6 32. Rd5 Be6 33. Rxc5 Rxd6 34.
Rxe5 Red8 35. Bxg6 Bxc4 36. Bc2 Re6 37. Rf5+ Ke7 38. Rxe6+ Bxe6 39. Rxf4 Rc8
40. Bd3 Rc1+ 41. Kh2 a5 42. a4 Rc3 43. Bb5 Rb3 44. Re4 Rb4 45. Re1 Kd6 46. f3
Bb3 47. Ra1 Bc2 48. g4 Bb1 49. Ra3 Bc2 50. Kg3 Ke5 51. Re3+ Kf6 52. f4 Bxa4 53.
g5+ Kf7 54. Bxa4 Rxa4 55. Kg4 Kg6 56. Re6+ Kf7 57. Ra6 1-0

[Event "17. Open de Sants Hostafrancs 2015"]
[Site "Barcelona ESP"]
[Date "2015.08.30"]
[Round "10.21"]
[White "Cervello Tost, Ferran"]
[Black "Bellia, Fabrizio"]
[Result "0-1"]
[WhiteElo "2303"]
[BlackElo "2461"]
[PlyCount "116"]
[EventDate "2015.08.21"]
[EventType "swiss"]
[EventRounds "10"]
[EventCountry "ESP"]
[SourceTitle "Ajedrez en Madrid"]
[Source "lmi"]
[SourceDate "2015.08.21"]

1. Nf3 Nf6 2. g3 d5 3. d4 e6 4. Bg2 Be7 5. O-O O-O 6. c4 dxc4 7. Ne5 Nc6 8.
Nxc6 bxc6 9. Nc3 Rb8 10. Qa4 Qxd4 11. Be3 Qe5 12. Qxa7 Rb7 13. Qd4 Qxd4 14.
Bxd4 Rd8 15. Rfd1 Nd5 16. a4 c5 17. Be5 c6 18. e4 Nb4 19. Rxd8+ Bxd8 20. Rd1
Nd3 21. Bf1 Rd7 22. Bxd3 cxd3 23. Bf4 Ba5 24. Bd2 Ba6 25. Nb1 Bxd2 26. Nxd2 c4
27. Nb1 Rb7 28. Rd2 e5 29. f3 Kf8 30. Kf2 Ke7 31. Ke3 Kd6 32. Nc3 Kc5 33. f4 f6
34. f5 Rb3 35. Na2 Kb6 36. g4 Ka5 37. Nc3 Kb4 38. Nd1 Kxa4 39. h4 h6 40. Rg2
Rb8 41. g5 hxg5 42. hxg5 Kb3 43. Kd2 Rh8 44. Kc1 Bb5 45. gxf6 gxf6 46. Rg6 Rh2
47. Rg8 Rc2+ 48. Kb1 Re2 49. Rg4 Ba4 50. Rg8 Rxe4 51. Rb8+ Bb5 52. Kc1 Re2 53.
Nc3 Rc2+ 54. Kd1 Rxb2 55. Ne4 c3 56. Kc1 d2+ 57. Nxd2+ cxd2+ 58. Kd1 Kc3 0-1

[Event "17. Open de Sants Hostafrancs 2015"]
[Site "Barcelona ESP"]
[Date "2015.08.30"]
[Round "10.22"]
[White "Cruz, Jonathan"]
[Black "Pogorelov, Ruslan"]
[Result "1-0"]
[WhiteElo "2450"]
[BlackElo "2302"]
[PlyCount "55"]
[EventDate "2015.08.21"]
[EventType "swiss"]
[EventRounds "10"]
[EventCountry "ESP"]
[SourceTitle "Ajedrez en Madrid"]
[Source "lmi"]
[SourceDate "2015.08.21"]

1. Nf3 c5 2. c4 g6 3. g3 Bg7 4. Bg2 Nc6 5. O-O b6 6. Nc3 Bb7 7. e3 Bxc3 8. dxc3
d6 9. e4 Qc7 10. Qe2 O-O-O 11. b4 Ne5 12. Nxe5 dxe5 13. a4 Nf6 14. a5 Qd6 15.
axb6 axb6 16. bxc5 Qd3 17. Qb2 Qxc4 18. cxb6 Rd3 19. Ra7 Qc6 20. c4 Rhd8 21.
Qxe5 Qxb6 22. Bf4 Nd7 23. Qa1 e5 24. Be3 Rxe3 25. fxe3 Qxe3+ 26. Kh1 Nc5 27.
Rxf7 Qe2 28. Ra8+ 1-0

[Event "17. Open de Sants Hostafrancs 2015"]
[Site "Barcelona ESP"]
[Date "2015.08.30"]
[Round "10.25"]
[White "Vidarte Morales, Arturo"]
[Black "Cori T., Deysi"]
[Result "0-1"]
[WhiteElo "2304"]
[BlackElo "2426"]
[PlyCount "66"]
[EventDate "2015.08.21"]
[EventType "swiss"]
[EventRounds "10"]
[EventCountry "ESP"]
[SourceTitle "Ajedrez en Madrid"]
[Source "lmi"]
[SourceDate "2015.08.21"]

1. c4 g6 2. d4 Nf6 3. Nc3 d5 4. cxd5 Nxd5 5. Nf3 Bg7 6. g3 O-O 7. Bg2 c5 8. O-O
Nc6 9. Nxd5 Qxd5 10. Be3 Qh5 11. d5 Nb4 12. Bxc5 Nxd5 13. e4 Nc3 14. bxc3 Qxc5
15. e5 Qxc3 16. Rb1 Qa5 17. Qe2 Rb8 18. Rfc1 Rd8 19. Rb5 Qa6 20. Qb2 Be6 21. h4
Bd5 22. Ng5 Bxe5 23. Qxe5 Qxb5 24. Nxf7 Kxf7 25. Rc7 Qb1+ 26. Kh2 Be6 27. Bh3
Qxa2 28. Qf4+ Ke8 29. Rc2 Qd5 30. Rc5 Qd6 31. Qa4+ b5 32. Rxb5 Rxb5 33. Qxb5+
Kf7 0-1

[Event "17. Open de Sants Hostafrancs 2015"]
[Site "Barcelona ESP"]
[Date "2015.08.30"]
[Round "10.26"]
[White "Domingo Nunez, Ruben"]
[Black "Stella, Andrea"]
[Result "1/2-1/2"]
[WhiteElo "2281"]
[BlackElo "2423"]
[PlyCount "59"]
[EventDate "2015.08.21"]
[EventType "swiss"]
[EventRounds "10"]
[EventCountry "ESP"]
[SourceTitle "Ajedrez en Madrid"]
[Source "lmi"]
[SourceDate "2015.08.21"]

1. e4 e6 2. d4 d5 3. Nd2 c5 4. exd5 exd5 5. dxc5 Bxc5 6. Nb3 Bb6 7. Nf3 Nf6 8.
Bb5+ Nc6 9. Qe2+ Ne4 10. Be3 O-O 11. O-O-O Re8 12. Nfd4 Bd7 13. Rhe1 Bxd4 14.
Nxd4 Qa5 15. a4 Nxd4 16. Rxd4 Bxb5 17. Qxb5 Qxe1+ 18. Rd1 Qxd1+ 19. Kxd1 b6 20.
c3 Red8 21. Qc6 h6 22. Kc2 Ng5 23. Bxg5 hxg5 24. Qb7 g4 25. Kd3 Rdb8 26. Qd7
Rd8 27. Qb7 Rdb8 28. Qd7 Rd8 29. Qb7 Rdb8 30. Qd7 1/2-1/2

[Event "17. Open de Sants Hostafrancs 2015"]
[Site "Barcelona ESP"]
[Date "2015.08.30"]
[Round "10.27"]
[White "Kulon, Klaudia"]
[Black "Akesson, Ralf"]
[Result "0-1"]
[WhiteElo "2240"]
[BlackElo "2418"]
[PlyCount "108"]
[EventDate "2015.08.21"]
[EventType "swiss"]
[EventRounds "10"]
[EventCountry "ESP"]
[SourceTitle "Ajedrez en Madrid"]
[Source "lmi"]
[SourceDate "2015.08.21"]

1. c4 f5 2. g3 Nf6 3. Bg2 g6 4. Nc3 Bg7 5. e3 O-O 6. Nge2 e5 7. d3 Na6 8. Rb1
c6 9. b4 Nc7 10. b5 c5 11. Ba3 d6 12. O-O Ne6 13. Nd5 Nxd5 14. cxd5 Nc7 15. Qb3
b6 16. Bb2 a6 17. bxa6 Rxa6 18. f4 Qe7 19. fxe5 Bxe5 20. d4 Bg7 21. Rbe1 Bd7
22. dxc5 bxc5 23. Bxg7 Kxg7 24. Nf4 Bb5 25. Ne6+ Nxe6 26. Qxb5 Nc7 27. Qb2+ Qf6
28. Qb7 Rf7 29. Qb3 Ra8 30. Kh1 Re8 31. a4 Qe5 32. a5 Na6 33. e4 Nb4 34. Qb1 f4
35. gxf4 Rxf4 36. Rxf4 Qxf4 37. a6 Qe5 38. Qa1 Qxa1 39. Rxa1 Ra8 40. a7 Kf6 41.
Kg1 Ke5 42. Kf2 Kd4 43. Ke2 c4 44. Ra4 Nd3 45. Kd2 Ne5 46. Bf1 g5 47. Kc2 h5
48. Bxc4 Nxc4 49. Kb3 Kd3 50. Rxc4 Rxa7 51. Rc3+ Kxe4 52. Rg3 g4 53. Kc4 Rc7+
54. Kb4 Kxd5 0-1

[Event "17. Open de Sants Hostafrancs 2015"]
[Site "Barcelona ESP"]
[Date "2015.08.30"]
[Round "10.28"]
[White "Admiraal, Miguoel"]
[Black "Serra Pages, Jordi"]
[Result "1-0"]
[WhiteElo "2414"]
[BlackElo "2235"]
[PlyCount "47"]
[EventDate "2015.08.21"]
[EventType "swiss"]
[EventRounds "10"]
[EventCountry "ESP"]
[SourceTitle "Ajedrez en Madrid"]
[Source "lmi"]
[SourceDate "2015.08.21"]

1. d4 Nf6 2. Bg5 d5 3. e3 e6 4. Bd3 h6 5. Bh4 c5 6. c3 Nc6 7. Nd2 e5 8. dxe5
Nxe5 9. Bc2 Be7 10. Ngf3 Nc6 11. O-O O-O 12. Re1 Be6 13. e4 dxe4 14. Nxe4 g5
15. Qc1 Nh7 16. Bg3 Bg4 17. Ne5 Nxe5 18. Bxe5 Rc8 19. h3 Be6 20. Qe3 Qb6 21.
Rad1 Rfd8 22. Ng3 Rxd1 23. Rxd1 f6 24. Bd6 1-0

[Event "17. Open de Sants Hostafrancs 2015"]
[Site "Barcelona ESP"]
[Date "2015.08.30"]
[Round "10.29"]
[White "Guezennec, Franck"]
[Black "Valderrama Quiceno, Esteban A"]
[Result "0-1"]
[WhiteElo "2228"]
[BlackElo "2357"]
[PlyCount "84"]
[EventDate "2015.08.21"]
[EventType "swiss"]
[EventRounds "10"]
[EventCountry "ESP"]
[SourceTitle "Ajedrez en Madrid"]
[Source "lmi"]
[SourceDate "2015.08.21"]

1. e4 d6 2. d4 Nf6 3. Nc3 g6 4. Be3 c6 5. Qd2 b5 6. Bd3 Nbd7 7. h3 Bg7 8. Bh6
O-O 9. Nf3 e5 10. dxe5 dxe5 11. a4 b4 12. Ne2 a5 13. Ng3 Re8 14. O-O-O Nc5 15.
Qe3 Qe7 16. Bxg7 Kxg7 17. b3 Nxd3+ 18. Rxd3 c5 19. Rhd1 Ra6 20. Qd2 c4 21. Rd6
Ra7 22. bxc4 Rc7 23. Qd3 Nd7 24. Qd5 Rc5 25. Qd3 Rc7 26. Qd5 Nc5 27. Qa8 Nxa4
28. Qxa5 Nc3 29. R1d3 Ra7 30. Qc5 Rc7 31. Qe3 Rxc4 32. Nh5+ gxh5 33. Qh6+ Kg8
34. Ng5 f6 35. Rxf6 Qg7 36. Qxh5 Qxf6 37. Qxh7+ Kf8 38. Rf3 Ne2+ 39. Kb2 Nf4
40. Qh4 Ke7 41. Qh7+ Kd6 42. g3 Rc7 0-1

[Event "17. Open de Sants Hostafrancs 2015"]
[Site "Barcelona ESP"]
[Date "2015.08.30"]
[Round "10.30"]
[White "Demuth, Adrien"]
[Black "Karasik, Evgeni"]
[Result "1-0"]
[WhiteElo "2541"]
[BlackElo "2217"]
[PlyCount "159"]
[EventDate "2015.08.21"]
[EventType "swiss"]
[EventRounds "10"]
[EventCountry "ESP"]
[SourceTitle "Ajedrez en Madrid"]
[Source "lmi"]
[SourceDate "2015.08.21"]

1. d4 Nf6 2. Nf3 c5 3. d5 b5 4. Bg5 Ne4 5. Bf4 Bb7 6. a4 Qa5+ 7. c3 e6 8. Qd3
Bxd5 9. Qxb5 Nc6 10. Nbd2 a6 11. Qxa5 Nxa5 12. e3 Nxd2 13. Nxd2 f5 14. Bc7 Nb3
15. Nxb3 Bxb3 16. Kd2 Bd5 17. f3 Be7 18. Bd3 O-O 19. Rhe1 Bc6 20. e4 Rfc8 21.
Bg3 Bg5+ 22. Kc2 fxe4 23. fxe4 Rf8 24. Re2 Bf4 25. Bxf4 Rxf4 26. g3 Rg4 27. a5
c4 28. Bxc4 Bxe4+ 29. Bd3 Bxd3+ 30. Kxd3 Kf7 31. Rf1+ Ke7 32. Ref2 Rb8 33. Rf7+
Kd6 34. b4 e5 35. Ke2 Ke6 36. Rf8 Rxf8 37. Rxf8 Ke7 38. Rh8 h6 39. Kd3 Rg6 40.
Rc8 Rc6 41. Rg8 Kf7 42. Rb8 Ke7 43. b5 axb5 44. Rxb5 Kd6 45. c4 Rc5 46. a6 Rc8
47. a7 Ra8 48. Ra5 Kc6 49. Ke4 d6 50. Ra6+ Kc5 51. h4 Kxc4 52. h5 Kb5 53. Rxd6
Rxa7 54. Kxe5 Kc5 55. Rd8 Ra3 56. g4 Kc6 57. Rd6+ Kc7 58. Rg6 Re3+ 59. Kf5 Re7
60. Ra6 Kd7 61. Ra4 Kd6 62. Rd4+ Kc5 63. Rd1 Kc6 64. Rd8 Ra7 65. Rd4 Ra5+ 66.
Kg6 Rg5+ 67. Kf7 Kc7 68. Kg8 Kc6 69. Kh7 Kc7 70. Ra4 Kb6 71. Rc4 Kb5 72. Rc7
Rxg4 73. Rxg7 Rh4 74. Kxh6 Kc6 75. Kg5 Rd4 76. h6 Kd6 77. h7 Ke6 78. Ra7 Rd1
79. Ra6+ Kf7 80. Rh6 1-0

[Event "17. Open de Sants Hostafrancs 2015"]
[Site "Barcelona ESP"]
[Date "2015.08.30"]
[Round "10.31"]
[White "Serarols Mabras, Bernat"]
[Black "Aroshidze, Levan"]
[Result "0-1"]
[WhiteElo "2260"]
[BlackElo "2535"]
[PlyCount "66"]
[EventDate "2015.08.21"]
[EventType "swiss"]
[EventRounds "10"]
[EventCountry "ESP"]
[SourceTitle "Ajedrez en Madrid"]
[Source "lmi"]
[SourceDate "2015.08.21"]

1. d4 Nf6 2. c4 e6 3. Nc3 Bb4 4. e3 O-O 5. Bd3 d5 6. cxd5 exd5 7. Nge2 Re8 8.
Bd2 Bd6 9. Rc1 a6 10. O-O Nbd7 11. Qb3 c6 12. f3 b5 13. e4 c5 14. Nxd5 c4 15.
Bxc4 bxc4 16. Qxc4 a5 17. Nxf6+ Nxf6 18. Rfe1 Ba6 19. Qa4 Qb8 20. Ng3 Bxg3 21.
hxg3 Qxg3 22. Qxa5 Ng4 23. fxg4 Bf1 24. Kxf1 Rxa5 25. Bxa5 Qd3+ 26. Re2 f5 27.
Bc3 Rxe4 28. Rce1 f4 29. a4 h5 30. a5 g5 31. d5 h4 32. d6 h3 33. gxh3 Qf3+ 0-1

[Event "17. Open de Sants Hostafrancs 2015"]
[Site "Barcelona ESP"]
[Date "2015.08.30"]
[Round "10.32"]
[White "Valsecchi, Alessio"]
[Black "Bru Rullo, Llatzer"]
[Result "1-0"]
[WhiteElo "2459"]
[BlackElo "2208"]
[PlyCount "49"]
[EventDate "2015.08.21"]
[EventType "swiss"]
[EventRounds "10"]
[EventCountry "ESP"]
[SourceTitle "Ajedrez en Madrid"]
[Source "lmi"]
[SourceDate "2015.08.21"]

1. e4 e6 2. d4 d5 3. e5 c5 4. c3 Nc6 5. Nf3 Qb6 6. Bd3 Nh6 7. O-O cxd4 8. Re1
Nf5 9. Bxf5 exf5 10. Nxd4 Nxd4 11. cxd4 Be7 12. Re3 O-O 13. Nc3 Rd8 14. Rg3 f4
15. Bxf4 Bh4 16. Na4 Qb4 17. a3 Qb5 18. Re3 Be7 19. Nc3 Qb6 20. Qd2 Bf5 21. Rc1
Rac8 22. Ree1 Rc4 23. Nxd5 Rxd4 24. Nxe7+ Kf8 25. Be3 1-0

[Event "17. Open de Sants Hostafrancs 2015"]
[Site "Barcelona ESP"]
[Date "2015.08.30"]
[Round "10.33"]
[White "Morawietz, Dieter"]
[Black "Povill Claros, Xavier"]
[Result "1-0"]
[WhiteElo "2430"]
[BlackElo "2200"]
[PlyCount "87"]
[EventDate "2015.08.21"]
[EventType "swiss"]
[EventRounds "10"]
[EventCountry "ESP"]
[SourceTitle "Ajedrez en Madrid"]
[Source "lmi"]
[SourceDate "2015.08.21"]

1. e4 c6 2. d4 d5 3. e5 Bf5 4. Nf3 e6 5. Be2 c5 6. O-O Nc6 7. c3 Bg6 8. Be3
cxd4 9. cxd4 Nge7 10. Nc3 Nf5 11. Rc1 Be7 12. Na4 O-O 13. Nc5 Bxc5 14. Rxc5 Qb6
15. Rb5 Qc7 16. Qd2 b6 17. Rb3 Qb7 18. h3 Rac8 19. Bf4 Rc7 20. Rc3 Rfc8 21. g4
Nfe7 22. h4 h5 23. Ne1 hxg4 24. Bxg4 Be4 25. Rg3 Kf8 26. h5 Ke8 27. Bh3 g6 28.
h6 Kd7 29. Bg5 Rh8 30. Bg4 Rh7 31. Rc3 Ng8 32. Be2 a6 33. f3 Bf5 34. Ng2 Qc8
35. Rfc1 b5 36. Rc5 Bh3 37. Ne3 Qa8 38. a4 bxa4 39. Bd1 Nge7 40. Bxa4 Rxh6 41.
Bxe7 Kxe7 42. Nxd5+ exd5 43. Qxh6 Bd7 44. Qh4+ 1-0

[Event "17. Open de Sants Hostafrancs 2015"]
[Site "Barcelona ESP"]
[Date "2015.08.30"]
[Round "10.34"]
[White "Mascaro March, Pedro"]
[Black "Lacroix, Romain"]
[Result "1/2-1/2"]
[WhiteElo "2414"]
[BlackElo "2201"]
[PlyCount "41"]
[EventDate "2015.08.21"]
[EventType "swiss"]
[EventRounds "10"]
[EventCountry "ESP"]
[SourceTitle "Ajedrez en Madrid"]
[Source "lmi"]
[SourceDate "2015.08.21"]

1. d4 Nf6 2. Nf3 e6 3. Bg5 c5 4. c3 d5 5. e3 Be7 6. Nbd2 O-O 7. Bd3 b6 8. Ne5
Bb7 9. O-O Nbd7 10. f4 Ne4 11. Bxe7 Qxe7 12. a3 f6 13. Nxd7 Qxd7 14. Nf3 a5 15.
Qe2 Qc8 16. Rac1 Ba6 17. c4 Qb7 18. Rfd1 Rfd8 19. Qc2 Rac8 20. dxc5 bxc5 21.
Nd2 1/2-1/2

[Event "17. Open de Sants Hostafrancs 2015"]
[Site "Barcelona ESP"]
[Date "2015.08.30"]
[Round "10.35"]
[White "Boix Moreno, Daniel"]
[Black "Perske, Thore"]
[Result "1/2-1/2"]
[WhiteElo "2253"]
[BlackElo "2408"]
[PlyCount "100"]
[EventDate "2015.08.21"]
[EventType "swiss"]
[EventRounds "10"]
[EventCountry "ESP"]
[SourceTitle "Ajedrez en Madrid"]
[Source "lmi"]
[SourceDate "2015.08.21"]

1. e4 e6 2. d4 d5 3. Nd2 Be7 4. Ngf3 Nf6 5. e5 Nfd7 6. Bd3 c5 7. c3 Nc6 8. O-O
g5 9. dxc5 g4 10. Nd4 Ncxe5 11. N2b3 Nxc5 12. Nxc5 Bxc5 13. Bf4 f6 14. Bxe5
fxe5 15. Nb3 Bd6 16. Qxg4 Qf6 17. Rad1 Bd7 18. Qh5+ Ke7 19. c4 Raf8 20. Be2 Bc6
21. Na5 h6 22. cxd5 exd5 23. Nxc6+ bxc6 24. Rc1 e4 25. Kh1 Rc8 26. Rc3 Qg5 27.
Qh3 Rhf8 28. Bg4 Rc7 29. g3 Be5 30. Rc2 Kd6 31. f4 exf3 32. Bxf3 Rf6 33. Qg2
Bd4 34. Rfc1 Bxb2 35. Rd1 Ba3 36. Rcd2 Ke7 37. Re2+ Kf8 38. Rde1 Re7 39. Rxe7
Bxe7 40. Qe2 Bb4 41. Qe8+ Kg7 42. Rf1 Qg6 43. Qe5 Kh7 44. Kg2 Rf7 45. Qe8 Re7
46. Qc8 Qe6 47. Qa6 Bc5 48. Qd3+ Qg6 49. Qxg6+ Kxg6 50. Rc1 Bb6 1/2-1/2

[Event "17. Open de Sants Hostafrancs 2015"]
[Site "Barcelona ESP"]
[Date "2015.08.30"]
[Round "10.36"]
[White "Micottis, Dorian"]
[Black "Zude, Erik"]
[Result "0-1"]
[WhiteElo "2228"]
[BlackElo "2398"]
[PlyCount "104"]
[EventDate "2015.08.21"]
[EventType "swiss"]
[EventRounds "10"]
[EventCountry "ESP"]
[SourceTitle "Ajedrez en Madrid"]
[Source "lmi"]
[SourceDate "2015.08.21"]

1. Nf3 d6 2. d4 Nf6 3. g3 Nbd7 4. c4 e5 5. Nc3 Be7 6. Bg2 O-O 7. O-O c6 8. b3
Re8 9. Bb2 exd4 10. Nxd4 Nc5 11. h3 a5 12. Qc2 Qb6 13. Rad1 g6 14. e4 a4 15.
Kh2 Bf8 16. f4 Bg7 17. Nxa4 Nxa4 18. bxa4 Qb4 19. Nb3 Rxa4 20. e5 dxe5 21. fxe5
Nh5 22. Qf2 Qe7 23. Ba1 Rxc4 24. Rd4 Be6 25. Rxc4 Bxc4 26. Re1 Ra8 27. Qd4 Qg5
28. Qg4 h6 29. Qxg5 hxg5 30. Rc1 Be6 31. Nc5 Rxa2 32. Nxe6 fxe6 33. Bd4 Rd2 34.
Ba1 Ra2 35. Bd4 Ra4 36. Bb2 Rb4 37. Ba1 Rb3 38. Rc3 Rb1 39. Ra3 Nxg3 40. Kxg3
Rxa1 41. Rxa1 Bxe5+ 42. Kg4 Bxa1 43. Kxg5 Kf7 44. h4 Bf6+ 45. Kg4 Bd8 46. Be4
Kf6 47. Kf4 Ba5 48. Kg4 Be1 49. Bg2 Ke5 50. Kg5 Kd4 51. Bh1 e5 52. Kxg6 Bxh4
0-1

[Event "17. Open de Sants Hostafrancs 2015"]
[Site "Barcelona ESP"]
[Date "2015.08.30"]
[Round "10.37"]
[White "Valdes Romero, Leonardo"]
[Black "Shatko, Danil"]
[Result "0-1"]
[WhiteElo "2396"]
[BlackElo "2177"]
[PlyCount "86"]
[EventDate "2015.08.21"]
[EventType "swiss"]
[EventRounds "10"]
[EventCountry "ESP"]
[SourceTitle "Ajedrez en Madrid"]
[Source "lmi"]
[SourceDate "2015.08.21"]

1. Nf3 d5 2. c4 e6 3. g3 Nf6 4. Bg2 Be7 5. O-O O-O 6. b3 b6 7. Bb2 Bb7 8. e3
Nbd7 9. Nc3 h6 10. Qe2 a6 11. cxd5 exd5 12. d4 Re8 13. Ne5 Bd6 14. f4 c5 15. a3
b5 16. Rad1 cxd4 17. exd4 Qb6 18. Kh1 Nf8 19. b4 Ne6 20. Qd3 Nc7 21. g4 Ne6 22.
h4 Bxe5 23. fxe5 Nxg4 24. Qg3 h5 25. Nxd5 Bxd5 26. Bxd5 Rad8 27. Bb3 Qb7+ 28.
d5 Nc7 29. Qf3 Rd7 30. d6 Qxf3+ 31. Rxf3 Ne6 32. Rc1 Nf8 33. Rc5 Ng6 34. Rxf7
Rxf7 35. d7 Rd8 36. Rc8 Kh7 37. Rxd8 Rf1+ 38. Kg2 Rf2+ 39. Kg1 Nf4 40. Rh8+ Kg6
41. Bc2+ Rxc2 42. d8=Q Rg2+ 43. Kf1 Ne3+ 0-1

[Event "17. Open de Sants Hostafrancs 2015"]
[Site "Barcelona ESP"]
[Date "2015.08.30"]
[Round "10.38"]
[White "Jordan Martinez, Miguel"]
[Black "Cruz, Filemon"]
[Result "1/2-1/2"]
[WhiteElo "2222"]
[BlackElo "2395"]
[PlyCount "179"]
[EventDate "2015.08.21"]
[EventType "swiss"]
[EventRounds "10"]
[EventCountry "ESP"]
[SourceTitle "Ajedrez en Madrid"]
[Source "lmi"]
[SourceDate "2015.08.21"]

1. e4 c5 2. c3 d5 3. exd5 Qxd5 4. d4 Bf5 5. Nf3 e6 6. Be3 Nf6 7. c4 Qd8 8. Nc3
Be7 9. Be2 O-O 10. O-O Nc6 11. a3 cxd4 12. Nxd4 Nxd4 13. Bxd4 a6 14. Bf3 Qc7
15. Qe2 Rad8 16. Rfd1 Bd6 17. h3 e5 18. Be3 e4 19. Bg4 Bxg4 20. hxg4 Bh2+ 21.
Kh1 Be5 22. g5 Bxc3 23. bxc3 Nd7 24. Rd4 Nc5 25. Rad1 Rde8 26. Qg4 Re6 27. g3
Qc6 28. Kg2 f5 29. gxf6 Rexf6 30. Rf1 Rf5 31. Rd5 Rxd5 32. cxd5 Qxd5 33. c4 Qc6
34. Rb1 b6 35. Qg5 Rf6 36. Kg1 h6 37. Qe5 Re6 38. Qb8+ Kh7 39. Qd8 Qd6 40. Qc8
Qd3 41. Re1 Qd7 42. Qa8 Qc6 43. Qxc6 Rxc6 44. Bxc5 Rxc5 45. Rxe4 Rc6 46. Kf1
Kg6 47. g4 Kf6 48. f3 Rd6 49. Re3 Re6 50. Rd3 Ke7 51. Kf2 Rd6 52. Re3+ Kd7 53.
Kg3 Rd4 54. Rb3 Kc6 55. Re3 Kd6 56. Re8 Rxc4 57. Rd8+ Ke7 58. Rb8 b5 59. Rb7+
Kf8 60. Kh4 Kg8 61. Rb6 Ra4 62. f4 Rxf4 63. Rxa6 Kh7 64. Rb6 Ra4 65. Rxb5 Rxa3
66. Rb7 Re3 67. Ra7 Kg6 68. Ra6+ Kf7 69. Ra7+ Kf6 70. Ra6+ Kf7 71. Ra7+ Kg6 72.
Ra6+ Kh7 73. Ra7 Rf3 74. Rb7 Kg6 75. Rb6+ Rf6 76. Rb7 Rd6 77. Ra7 Kf6 78. Ra8
Rb6 79. Ra4 Ke5 80. Ra5+ Ke6 81. Ra4 Kf6 82. Rf4+ Ke5 83. Ra4 Re6 84. Rb4 Rd6
85. Ra4 Rd1 86. Ra5+ Ke4 87. Ra4+ Ke3 88. Ra3+ Kf2 89. Ra2+ Kf3 90. Ra3+
1/2-1/2

[Event "17. Open de Sants Hostafrancs 2015"]
[Site "Barcelona ESP"]
[Date "2015.08.30"]
[Round "10.39"]
[White "Chirivi C, Jenny Astrid"]
[Black "Diaz Camallonga, Carles"]
[Result "1/2-1/2"]
[WhiteElo "2202"]
[BlackElo "2358"]
[PlyCount "98"]
[EventDate "2015.08.21"]
[EventType "swiss"]
[EventRounds "10"]
[EventCountry "ESP"]
[SourceTitle "Ajedrez en Madrid"]
[Source "lmi"]
[SourceDate "2015.08.21"]

1. d4 e6 2. c4 Nf6 3. Nf3 Bb4+ 4. Nbd2 b6 5. a3 Bxd2+ 6. Bxd2 Bb7 7. Bg5 O-O 8.
e3 d6 9. Bd3 Nbd7 10. O-O h6 11. Bh4 Re8 12. b4 a5 13. Nd2 c5 14. dxc5 dxc5 15.
Be4 Qc8 16. Bxb7 Qxb7 17. Bxf6 Nxf6 18. bxc5 Rad8 19. Qc2 bxc5 20. Rfb1 Qd7 21.
Nf3 Rb8 22. h3 Red8 23. Rd1 Qc7 24. Rxd8+ Qxd8 25. Rb1 Rxb1+ 26. Qxb1 Qd6 27.
Qc2 g6 28. g3 Nd7 29. Qc3 a4 30. Nd2 Ne5 31. Kg2 f5 32. f4 Nd7 33. Nf3 Qd1 34.
Qd2 Qxd2+ 35. Nxd2 e5 36. e4 fxe4 37. Nxe4 exf4 38. gxf4 Kf7 39. Kf3 Ke6 40.
Nc3 Nb6 41. Nxa4 Nxc4 42. Nxc5+ Kf5 43. Na4 Nxa3 44. Nc3 Nc4 45. Ne2 g5 46.
Nd4+ Kf6 47. fxg5+ hxg5 48. Kg3 Ne3 49. Nf3 g4 1/2-1/2

[Event "17. Open de Sants Hostafrancs 2015"]
[Site "Barcelona ESP"]
[Date "2015.08.30"]
[Round "10.40"]
[White "Midoux, Sebastien"]
[Black "Taylor, Adam C"]
[Result "0-1"]
[WhiteElo "2344"]
[BlackElo "2189"]
[PlyCount "166"]
[EventDate "2015.08.21"]
[EventType "swiss"]
[EventRounds "10"]
[EventCountry "ESP"]
[SourceTitle "Ajedrez en Madrid"]
[Source "lmi"]
[SourceDate "2015.08.21"]

1. e4 e5 2. Nf3 Nc6 3. Bb5 Nf6 4. O-O Nxe4 5. d4 Nd6 6. dxe5 Nxb5 7. a4 Nbd4 8.
Nxd4 Nxd4 9. Qxd4 d5 10. exd6 Qxd6 11. Qe3+ Be6 12. Nc3 Qc6 13. Qg3 Bd6 14. Bf4
Bxf4 15. Qxf4 O-O 16. Rfe1 a6 17. Re3 Rfd8 18. Rg3 Qc5 19. Qf6 g6 20. Rc1 Rd4
21. Re3 Rad8 22. Qf3 Bd5 23. Qg3 Bc6 24. Rce1 Qd6 25. Qxd6 R8xd6 26. f3 Bxa4
27. Nxa4 Rxa4 28. Re7 Rc4 29. R1e2 Rcc6 30. Kf2 Re6 31. R2xe6 fxe6 32. c3 Rb6
33. Rxc7 Rxb2+ 34. Kg3 a5 35. Kf4 a4 36. Ke5 Rb6 37. Rd7 a3 38. Rd2 Ra6 39. Ra2
Kg7 40. Kd4 Kf6 41. Kc4 Kg5 42. Kb4 Kf4 43. Rxa3 Rxa3 44. Kxa3 Ke3 45. Kb4 Kf2
46. Kb5 Kxg2 47. Kb6 Kxf3 48. Kxb7 e5 49. c4 e4 50. c5 e3 51. c6 e2 52. c7 e1=Q
53. c8=Q Qb1+ 54. Ka7 Qa2+ 55. Kb6 Qxh2 56. Qc6+ Kg4 57. Qd7+ Kg5 58. Qe7+ Kh6
59. Kb5 Qf4 60. Ka6 g5 61. Qe6+ Kg7 62. Ka5 Qf6 63. Qd7+ Kg6 64. Kb4 h5 65.
Qd3+ Kh6 66. Kc4 h4 67. Qd7 Kh5 68. Kd3 Qf3+ 69. Kd2 h3 70. Ke1 Kh4 71. Qh7+
Kg3 72. Qc7+ Qf4 73. Qc3+ Kg4 74. Qc8+ Kf3 75. Qh8 Qe3+ 76. Kd1 Qe2+ 77. Kc1
Kg2 78. Qd8 Qe3+ 79. Kb1 h2 80. Qd5+ Kg3 81. Qd6+ Qf4 82. Qd3+ Kh4 83. Kb2 Qf2+
0-1

[Event "17. Open de Sants Hostafrancs 2015"]
[Site "Barcelona ESP"]
[Date "2015.08.30"]
[Round "10.41"]
[White "Carstensen, Jacob"]
[Black "Locatelli, Andrea"]
[Result "1-0"]
[WhiteElo "2336"]
[BlackElo "2171"]
[PlyCount "65"]
[EventDate "2015.08.21"]
[EventType "swiss"]
[EventRounds "10"]
[EventCountry "ESP"]
[SourceTitle "Ajedrez en Madrid"]
[Source "lmi"]
[SourceDate "2015.08.21"]

1. d4 Nf6 2. c4 g6 3. Nc3 Bg7 4. e4 d6 5. Nf3 O-O 6. Be2 e5 7. Be3 exd4 8. Nxd4
Re8 9. f3 c6 10. Bf2 d5 11. exd5 cxd5 12. c5 Nc6 13. O-O Bf8 14. Kh1 Nh5 15.
Qd2 Be6 16. g4 Nf6 17. a3 Nd7 18. b4 a5 19. Nxe6 fxe6 20. b5 Nce5 21. Na4 Rc8
22. Rac1 g5 23. Be3 Be7 24. h4 gxh4 25. f4 Nc4 26. Rxc4 dxc4 27. Bxc4 Nf8 28.
Qa2 Kg7 29. g5 Qc7 30. Bd4+ Kg6 31. Be5 Qd7 32. f5+ Kxg5 33. Qg2+ 1-0